[Event "11th Open St-Quentin en Yvelines"]
[Site "Elancourt FRA"]
[Date "2009.04.19"]
[Round "2"]
[White "De Lagontrie,J"]
[Black "Guillet,Ja"]
[Result "1-0"]
[WhiteElo "1889"]
[BlackElo "1573"]

1.d4 Nf6 2.c4 g6 3.Nc3 d5 4.cxd5 Nxd5 5.e4 Nxc3 6.bxc3 Bg7 7.Bc4 O-O 8.Ne2 c5
9.Be3 cxd4 10.cxd4 Qa5+ 11.Bd2 Qd8 12.Bc3 Nc6 13.O-O Na5 14.Bd3 Bg4 15.f3 Bd7
16.Qd2 b6 17.Rac1 Nc6 18.f4 Bg4 19.d5 Bxe2 20.Bxe2 Na5 21.Bxg7 Kxg7 22.Ba6 Rb8
23.a4 Nb7 24.Bxb7 Rxb7 25.Qd4+ f6 26.Rc6 Rc7 27.Rfc1 Rxc6 28.Rxc6 Qd7 29.h3 Rc8
30.Qc3 Rxc6 31.Qxc6  1-0

[Event "XV Leonardo di Bona Magistrale"]
[Site "Cutro ITA"]
[Date "2009.04.23"]
[Round "6"]
[White "Naumkin,I"]
[Black "Bentivegna,F"]
[Result "1-0"]
[WhiteElo "2488"]
[BlackElo "2326"]

1.d4 Nf6 2.c4 g6 3.Nc3 d5 4.cxd5 Nxd5 5.e4 Nxc3 6.bxc3 Bg7 7.Bc4 c5 8.Ne2 Nc6
9.Be3 O-O 10.O-O Na5 11.Bd3 b6 12.Qd2 e5 13.Bg5 f6 14.Be3 cxd4 15.cxd4 exd4
16.Bxd4 Be6 17.Rad1 Nc6 18.Ba1 Ne5 19.Nf4 Bf7 20.Qb4 Qc8 21.Nd5 Qc5 22.Qa4 Bxd5
23.exd5 Rad8 24.Be2 Rf7 25.Rc1 Qe7 26.d6 Rxd6 27.Bxe5 fxe5 28.Bc4 Bf6 29.Rfd1 Rd4
30.Rxd4 exd4 31.Qb3 Kg7 32.Bxf7 Qxf7 33.Qxf7+ Kxf7 34.Rc7+ Ke6 35.Kf1 d3
36.Rxa7 Kd5 37.Ke1 Bc3+ 38.Kd1 h5 39.Rd7+ Kc4 40.Rd6 Bd4 41.f4  1-0

[Event "11th Open St-Quentin en Yvelines"]
[Site "Elancourt FRA"]
[Date "2009.04.24"]
[Round "8"]
[White "De Lagontrie,J"]
[Black "Riazuelo,G"]
[Result "0-1"]
[WhiteElo "1889"]
[BlackElo "2129"]

1.d4 Nf6 2.c4 g6 3.Nc3 d5 4.cxd5 Nxd5 5.e4 Nxc3 6.bxc3 Bg7 7.Bc4 O-O 8.Ne2 c5
9.O-O Nc6 10.Be3 Qc7 11.Rc1 Rd8 12.Qd2 a6 13.Bh6 Bh8 14.Qe3 b5 15.Bb3 Na5
16.e5 Nxb3 17.axb3 Be6 18.b4 cxb4 19.cxb4 Qb6 20.Rc5 a5 21.bxa5 Rxa5 22.Rfc1 b4
23.f4 b3 24.Qc3 Ra3 25.Ng3 Qb7 26.d5 Bxd5 27.Rc8 Qb6+ 28.Qc5 Rxc8  0-1

[Event "VI Magistral Hebraica"]
[Site "Sao Paulo BRA"]
[Date "2009.04.24"]
[Round "5"]
[White "Perdomo,L"]
[Black "Greenfeld,A"]
[Result "1/2-1/2"]
[WhiteElo "2387"]
[BlackElo "2541"]

1.d4 Nf6 2.c4 g6 3.Nc3 d5 4.cxd5 Nxd5 5.e4 Nxc3 6.bxc3 Bg7 7.Bg5 c5 8.Rc1 O-O
9.Nf3 Bg4 10.d5 f5 11.Qb3 Kh8 12.Nd2 fxe4 13.Qxb7 Nd7 14.h3 Rb8 15.Qa6 Bf5
16.g4 Nb6 17.gxf5 Rxf5 18.h4 Nxd5 19.Bh3 Rxg5 20.hxg5 Bxc3 21.Qa3 Bb4 22.Qg3 Bxd2+
23.Kxd2 Qa5+ 24.Ke2 Qb5+ 25.Ke1 Qb2 26.Rd1 e3 27.Rxd5 Qc3+ 28.Kf1 Qc4+ 29.Rd3 Qxd3+
30.Kg2 Qd5+ 31.Kh2 Qd6 32.Qxd6 exd6 33.fxe3 Rb2+ 34.Kg3 Rxa2 35.Rb1 h5 36.Rb8+ Kg7
37.Rb7+ Kf8 38.Rd7 c4 39.Be6 Ra5 40.Kf4 c3 41.Rf7+ Ke8 42.Rc7 Re5 43.Bb3 Rf5+
44.Ke4 Rxg5 45.Rxa7 Rc5 46.Kd3 g5 47.Rh7 g4 48.Kc2 g3 49.Rg7 h4 50.Be6 Re5
51.Bd7+ Kd8 52.Kxc3 g2 53.Bc6 Rc5+ 54.Kd4 Rxc6 55.Rxg2 Rc5 56.Rg8+ Kd7 57.Rh8  1/2-1/2

[Event "ch-Moscow men"]
[Site "Moscow RUS"]
[Date "2009.04.27"]
[Round "5"]
[White "Ulko,J"]
[Black "Nikolenko,O"]
[Result "0-1"]
[WhiteElo "2489"]
[BlackElo "2524"]

1.d4 Nf6 2.c4 g6 3.Nc3 d5 4.cxd5 Nxd5 5.e4 Nxc3 6.bxc3 Bg7 7.Bc4 c5 8.Ne2 Nc6
9.Be3 cxd4 10.cxd4 Qa5+ 11.Bd2 Qd8 12.Bc3 O-O 13.Qd2 Qd6 14.Rd1 Bd7 15.O-O Rac8
16.Bb3 b5 17.e5 Qb8 18.Qg5 b4 19.Ba1 Na5 20.Qxe7 Nxb3 21.axb3 Bf5 22.Ng3 Bc2
23.Rd2 Bxb3 24.Ne4 Bd5 25.Nf6+ Bxf6 26.Qxf6 b3 27.Bb2 Qb4 28.Re2 Rc6 29.Qg5 Rfc8
30.h4 Rc2 31.Rxc2 bxc2 32.Bc1 Qxd4 33.Qf6 Qb6 34.Qg5 Bc4 35.Re1 Qd8 36.Qe3 Qxh4
37.Qxa7 Be6 38.Qe3 Rd8 39.Qe2 Qb4 40.Kh2 Qh4+ 41.Kg1 Qc4 42.Qf3 Qb4 43.Rf1 Qg4
44.Qc3 Qe2 45.Qc7 Rd1 46.Qb8+ Kg7 47.Ba3 Rxf1+ 48.Kh2 Qh5+ 49.Kg3 Qg4+  0-1

[Event "Heroes Day Cup Candidates"]
[Site "Bridgetown BAR"]
[Date "2009.05.01"]
[Round "6"]
[White "Gilkes,D"]
[Black "Suez Panama,G"]
[Result "0-1"]
[WhiteElo "1861"]
[BlackElo "2098"]

1.d4 Nf6 2.c4 g6 3.Nc3 d5 4.cxd5 Nxd5 5.e4 Nxc3 6.bxc3 Bg7 7.Bc4 c5 8.Ne2 Nc6
9.Be3 Bg4 10.f3 cxd4 11.cxd4 Bd7 12.O-O O-O 13.Rb1 Na5 14.Bd3 Rc8 15.Qd2 b6
16.Rfc1 Rxc1+ 17.Rxc1 Qb8 18.Bh6 Rc8 19.Bxg7 Kxg7 20.Rc3 Qd6 21.Rxc8 Bxc8
22.Qc3 Qc6 23.Kf2 Qxc3 24.Nxc3 Nc6 25.Ke3 Nb4 26.Bc4 Nc2+ 27.Kd3 Ne1+ 28.Ke2 Nxg2
29.Nd5 e6 30.Nc7 Kf8 31.d5 Ke7 32.Nb5 exd5 33.exd5 Ba6 34.a4 Bxb5 35.axb5 Kd6
36.Kd3 Ne1+ 37.Ke4 f5+ 38.Kf4 h6 39.h4 Ng2+ 40.Kg3 Ne3  0-1

[Event "11th Dubai Open"]
[Site "Dubai UAE"]
[Date "2009.05.02"]
[Round "6"]
[White "Volkov,Sergey1"]
[Black "Melkumyan,H"]
[Result "0-1"]
[WhiteElo "2594"]
[BlackElo "2528"]

1.d4 Nf6 2.c4 g6 3.Nc3 d5 4.cxd5 Nxd5 5.e4 Nxc3 6.bxc3 Bg7 7.Be3 c5 8.Qd2 Qa5
9.Rb1 cxd4 10.cxd4 Qxd2+ 11.Kxd2 O-O 12.Bd3 f5 13.Ne2 fxe4 14.Bxe4 Nc6 15.Rhc1 Rd8
16.Ke1 Nxd4 17.Nxd4 Bxd4 18.Bxb7 Bxe3 19.fxe3 Bxb7 20.Rxb7 Kf7 21.Rcc7 Re8
22.Rxa7 Rxa7 23.Rxa7 Rb8 24.Rd7 Ra8 25.Rd2 Ke6 26.Ke2 Ra3 27.Kf3 Kf5 28.Rb2 h5
29.h3 Ke5 30.Re2 Kf5 31.Kg3 Kg5 32.Kf2 Kf5 33.Ke1 Ke4 34.Kd1 Ra7 35.Ke1 Ra3
36.Kf2 Kf5 37.e4+ Ke5 38.Ke1 Kd4 39.e5 e6 40.Kd1 g5 41.Kc1 Kd3 42.Rd2+ Kc3
43.Kd1 Ra5 44.Ke1 Rxe5+ 45.Re2 Ra5 46.Kf2 Kd4  0-1

[Event "NK Jeugd A"]
[Site "Venlo NED"]
[Date "2009.05.02"]
[Round "9"]
[White "Miedema,R"]
[Black "Swinkels,R"]
[Result "1-0"]
[WhiteElo "2370"]
[BlackElo "2499"]

1.d4 Nf6 2.c4 g6 3.Nc3 d5 4.cxd5 Nxd5 5.e4 Nxc3 6.bxc3 Bg7 7.Bc4 c5 8.Ne2 O-O
9.O-O Nc6 10.Be3 Bd7 11.Rb1 Qc7 12.dxc5 Na5 13.Bd3 Rfd8 14.Nd4 e6 15.Qe2 Bf6
16.f4 e5 17.f5 exd4 18.cxd4 Bxf5 19.exf5 Bxd4 20.Bxd4 Rxd4 21.fxg6 hxg6 22.Bxg6 Rf4
23.Bh7+ Kg7 24.Qh5 Rxf1+ 25.Rxf1 Rh8 26.Qg5+ Kxh7 27.Rf6 Qd8 28.Rh6+  1-0

[Event "TOP 16 GpB"]
[Site "Chalons en Champagne FRA"]
[Date "2009.05.03"]
[Round "7"]
[White "Vaisser,A"]
[Black "Fontaine,R"]
[Result "1/2-1/2"]
[WhiteElo "2513"]
[BlackElo "2546"]

1.d4 Nf6 2.c4 g6 3.Nc3 d5 4.cxd5 Nxd5 5.e4 Nxc3 6.bxc3 Bg7 7.Bc4 c5 8.Ne2 Nc6
9.Be3 O-O 10.O-O Bd7 11.Rb1 Qc7 12.dxc5 Na5 13.Bb3 Rad8 14.Qc2 Nxb3 15.axb3 f5
16.f3 f4 17.Bf2 g5 18.Rfd1 g4 19.Rd5 gxf3 20.gxf3 Bh3 21.Rxd8 Qxd8 22.Kh1 e5
23.c4 Rf7 24.Nc3 Bf8 25.Rg1+ Rg7 26.Qd1 Rxg1+ 27.Qxg1+ Kf7 28.Nd5 Qa5 29.Qg5 Qa1+
30.Bg1 Qf1 31.Qh5+ Kg8 32.Nf6+ Kg7 33.Ne8+ Kg8 34.Nf6+ Kg7 35.Ne8+ Kg8  1/2-1/2

[Event "11th Dubai Open"]
[Site "Dubai UAE"]
[Date "2009.05.04"]
[Round "9"]
[White "Jankovic,A"]
[Black "Gopal,G"]
[Result "1/2-1/2"]
[WhiteElo "2540"]
[BlackElo "2572"]

1.d4 Nf6 2.c4 g6 3.Nc3 d5 4.cxd5 Nxd5 5.e4 Nxc3 6.bxc3 Bg7 7.Nf3 c5 8.Rb1 O-O
9.Be2 Qc7 10.O-O Rd8 11.Bg5 Nc6 12.Be3 cxd4 13.cxd4 Bg4 14.d5 e6 15.Qb3 exd5
16.exd5 Ne5 17.Bg5 Re8 18.Rfd1 Nxf3+ 19.Bxf3 Bxf3 20.Qxf3 b6 21.d6 Qd7 22.Rbc1 Rac8
23.Rxc8 Rxc8 24.Qh3 f5 25.Qb3+ Kh8 26.Qe3 h6 27.Qe7 Qa4 28.Re1 hxg5 29.d7 Rg8
30.d8=Q Rxd8 31.Qxd8+ Kh7 32.Qxg5 Qxa2 33.h4 Qb2 34.h5 Qf6 35.hxg6+ Qxg6
36.Qxg6+ Kxg6 37.Re7 a5 38.Re6+ Kg5 39.Rxb6 Kf4 40.Kf1 Bc3 41.Ke2 Ke4 42.g3 Kd4
43.Kd1 Kc4 44.f3 a4 45.Kc2 Be5 46.f4 Bd4 47.Ra6 Kb4 48.Rd6 Kc4 49.Rd8 a3
50.Ra8 Bc5 51.Rc8 Kd5 52.Kd3 Bf2 53.Re8 Bxg3 54.Ke3 Kc4 55.Rc8+ Kb3 56.Rb8+ Kc3
57.Rc8+ Kb3 58.Rb8+ Kc3 59.Ra8 Kb2  1/2-1/2

[Event "FSIM May"]
[Site "Budapest HUN"]
[Date "2009.05.05"]
[Round "4"]
[White "Szabo,Ben"]
[Black "Kislik,E"]
[Result "0-1"]
[WhiteElo "2220"]
[BlackElo "2314"]

1.d4 Nf6 2.c4 g6 3.Nc3 d5 4.cxd5 Nxd5 5.e4 Nxc3 6.bxc3 Bg7 7.Bc4 c5 8.Ne2 O-O
9.O-O Nc6 10.Be3 Bd7 11.Qd2 Rc8 12.Rac1 Qa5 13.dxc5 Rfd8 14.Bb3 Bg4 15.Qc2 Bxe2
16.Qxe2 e6 17.Qc2 Ne5 18.Bd4 Nd7 19.Bxg7 Kxg7 20.f4 Nxc5 21.f5 Nd3 22.Rb1 Rxc3
23.Qd2 exf5 24.exf5 Qc5+ 25.Kh1 f6 26.fxg6 hxg6 27.Rbe1 Rc8 28.Rd1 Qd4 29.Qe2 Qe5
30.Qg4 f5 31.Qg5 Qe2 32.Rb1 b6 33.h3 Nf2+ 34.Kg1 Nxh3+ 35.gxh3 Rxh3 36.Qf4 Rcc3
37.Qd4+ Kh7 38.Bg8+ Kxg8 39.Qd5+ Kg7 40.Qd4+ Kh7 41.Qd7+ Kh6  0-1

[Event "Copenhagen Chess Challenge"]
[Site "Ballerup DEN"]
[Date "2009.05.07"]
[Round "3"]
[White "Gandrud,V"]
[Black "Picard,Ro"]
[Result "1/2-1/2"]
[WhiteElo "2124"]
[BlackElo "2339"]

1.d4 Nf6 2.c4 g6 3.Nc3 d5 4.cxd5 Nxd5 5.e4 Nxc3 6.bxc3 Bg7 7.Nf3 c5 8.Rb1 O-O
9.Be2 cxd4 10.cxd4 Qa5+ 11.Bd2 Qxa2 12.O-O Bg4 13.Rxb7 Bxf3 14.Bxf3 Bxd4
15.e5 Na6 16.Rd7 Rad8 17.Bd5 Qb2 18.Bxf7+ Kh8 19.Rxd8 Rxd8 20.Be3 Nc5 21.Qf3 Bxe3
22.Qxe3 Qd4 23.Qg5 Qd7 24.h3 Rf8 25.Qe3 Ne6 26.Bxe6 Qxe6 27.Qxa7  1/2-1/2

[Event "TCh-ISR 2008-9"]
[Site "Israel ISR"]
[Date "2009.05.08"]
[Round "7"]
[White "Khenkin,I"]
[Black "Mikhalevski,V"]
[Result "1/2-1/2"]
[WhiteElo "2647"]
[BlackElo "2602"]

1.d4 Nf6 2.c4 g6 3.Nc3 d5 4.cxd5 Nxd5 5.e4 Nxc3 6.bxc3 Bg7 7.Nf3 c5 8.Be3 Qa5
9.Qd2 Nc6 10.Rb1 b6 11.Bb5 Bd7 12.d5 Ne5 13.Bxd7+ Nxd7 14.Rc1 O-O 15.O-O Rad8
16.Bg5 Rfe8 17.Rfd1 Nf6 18.Re1 Nd7 19.e5 f6 20.exf6 exf6 21.Bf4 Ne5 22.d6 c4
23.Qd4 Qc5 24.Bxe5 fxe5 25.Qh4 Qxd6 26.Ng5 h6 27.Qxc4+ Qd5 28.Qxd5+ Rxd5
29.Ne4 Red8 30.f3 Kf7 31.Kf2  1/2-1/2

[Event "2nd Mayors Cup"]
[Site "Mumbai IND"]
[Date "2009.05.09"]
[Round "10"]
[White "Lahiri,A"]
[Black "Gupta,Ab"]
[Result "1/2-1/2"]
[WhiteElo "2332"]
[BlackElo "2570"]

1.d4 Nf6 2.c4 g6 3.Nc3 d5 4.cxd5 Nxd5 5.e4 Nxc3 6.bxc3 Bg7 7.Bg5 O-O 8.Nf3 c5
9.Rc1 cxd4 10.cxd4 Bg4 11.d5 h6 12.Be3 Na6 13.Be2 e6 14.O-O exd5 15.exd5 Qa5
16.Qb3 Qb4  1/2-1/2

[Event "TCh-NED 2008-9"]
[Site "Netherlands NED"]
[Date "2009.05.10"]
[Round "9"]
[White "Giri,A"]
[Black "Hoolt,S"]
[Result "1-0"]
[WhiteElo "2430"]
[BlackElo "2298"]

1.d4 Nf6 2.c4 g6 3.Nc3 d5 4.cxd5 Nxd5 5.e4 Nxc3 6.bxc3 Bg7 7.Bc4 c5 8.Ne2 O-O
9.O-O Nc6 10.Be3 Bg4 11.f3 Bd7 12.Rb1 Rc8 13.Bd3 Qc7 14.Qd2 Na5 15.d5 e5
16.Ng3 c4 17.Bc2 b6 18.d6 Qd8 19.f4 Qe8 20.f5 f6 21.h4 Kh8 22.fxg6 hxg6 23.h5 g5
24.h6 Bxh6 25.Kf2 Rf7 26.Rh1 Rh7 27.Nf5 Bxf5 28.exf5 Qc6 29.Rh2 Kg7 30.Rbh1 Rch8
31.Qd1 Nb7 32.Qh5 Nxd6 33.Qg6+ Kf8 34.Rxh6 Rxh6 35.Rxh6 Rxh6 36.Qxh6+ Ke7
37.Qh7+ Nf7 38.Bd1  1-0

[Event "31st Banicky kahanec"]
[Site "Prievidza SVK"]
[Date "2009.05.10"]
[Round "8"]
[White "Polak,T"]
[Black "Ftacnik,L"]
[Result "0-1"]
[WhiteElo "2508"]
[BlackElo "2559"]

1.d4 Nf6 2.c4 g6 3.Nc3 d5 4.cxd5 Nxd5 5.e4 Nxc3 6.bxc3 Bg7 7.Bg5 c5 8.Rc1 Qa5
9.Qd2 Nd7 10.Nf3 e5 11.dxe5 O-O 12.Bc4 Nxe5 13.Nxe5 Bxe5 14.f4 Bg7 15.O-O Be6
16.Bxe6 fxe6 17.e5 Rf7 18.Qe2 Qa4 19.c4 Raf8 20.Qe4 Rd7 21.h4 b6 22.h5 Rd4
23.Qb7 h6 24.Bh4 gxh5 25.Rc3 Qd7 26.Qxd7 Rxd7 27.g3 Kh7 28.Rff3 Kg6 29.Rcd3 Rff7
30.Kf1 Rxd3 31.Rxd3 Bxe5 32.Re3 Bf6 33.Rxe6 Kf5 34.Rxf6+ Rxf6 35.Bxf6 Kxf6
36.Kg2 Kf5 37.Kf3 a6 38.a4 a5 39.Ke3 Kg4 40.Ke4 Kxg3 41.f5 h4 42.f6 h3 43.f7 h2
44.f8=Q h1=Q+ 45.Ke5 Qh4 46.Kd5 Qf4 47.Qe8 Qf3+ 48.Kd6 h5 49.Kc7 h4 50.Qg6+ Kh2
51.Kxb6 Qb3+ 52.Kxc5 h3 53.Qe6 Qb4+ 54.Kd5 Qd2+ 55.Kc6 Qf4 56.Kb5 Kg2 57.Qg6+ Kf2
58.Qc2+ Kg3 59.Qg6+ Kh4 60.Qh7+ Kg4 61.c5 h2 62.c6 Qf1+ 63.Kxa5 Qe1+ 64.Kb6 h1=Q
65.Qxh1 Qxh1 66.a5 Qb1+ 67.Ka7 Qc2 68.Kb7 Qb3+ 69.Kc8 Kf5 70.a6 Qb6 71.Kd7 Qxa6
72.c7 Qe6+ 73.Kd8 Qd6+ 74.Kc8 Ke6 75.Kb7 Qb4+  0-1

[Event "8th Asian Continental Open"]
[Site "Subic Bay PHI"]
[Date "2009.05.13"]
[Round "1"]
[White "Sadorra,J"]
[Black "Kazhgaleyev,M"]
[Result "1-0"]
[WhiteElo "2451"]
[BlackElo "2626"]

1.d4 Nf6 2.c4 g6 3.Nc3 d5 4.cxd5 Nxd5 5.e4 Nxc3 6.bxc3 Bg7 7.Bg5 c5 8.Rc1 O-O
9.Nf3 Bg4 10.d5 f5 11.Qb3 Kh8 12.Nd2 Nd7 13.h3 Bh5 14.Qxb7 Rb8 15.Qa6 h6
16.Bf4 fxe4 17.Bxb8 Qxb8 18.g4 Qb2 19.Kd1 Nb6 20.Qb5 Qxa2 21.Bc4 Qa3 22.Ke2 Na4
23.Qb3 Qxb3 24.Bxb3 Nxc3+ 25.Rxc3 Bxc3 26.Nxe4 Bd4 27.gxh5 gxh5 28.Rg1 Rf4
29.Bc2 Rf5 30.Bb3 Rf4 31.Kd3 Rf3+ 32.Kc4 Rxh3 33.Rg6 Rh1 34.Re6 Rc1+ 35.Kd3 Rb1
36.Nd2 Ra1 37.Rxe7 Bxf2 38.d6 Bh4 39.Nf3 c4+ 40.Bxc4 Rd1+ 41.Ke4 Bf6 42.Ne5  1-0

[Event "TCh-ISR 2008-9"]
[Site "Israel ISR"]
[Date "2009.05.15"]
[Round "9"]
[White "Porat,Ma"]
[Black "Ganor,D"]
[Result "0-1"]
[WhiteElo "2167"]
[BlackElo "2364"]

1.d4 Nf6 2.c4 g6 3.Nc3 d5 4.cxd5 Nxd5 5.e4 Nxc3 6.bxc3 Bg7 7.Nf3 c5 8.Rb1 O-O
9.Be2 cxd4 10.cxd4 Qa5+ 11.Bd2 Qxa2 12.O-O Bg4 13.Be3 Nc6 14.d5 Na5 15.Bc5 Bf6
16.Bxe7 Bxe7 17.Ra1 Qb3 18.Rxa5 Qxd1 19.Rxd1 Bd6 20.e5 Bxe5 21.Nxe5 Bxe2
22.Rd2 b6 23.Ra1 Bb5 24.Rb2 a6 25.Nc6 Kg7 26.h3 Rac8 27.Nd4 Rc5 28.Nxb5 axb5
29.Ra7 Rd8 30.Rb7 Rd6 31.Rd2 b4 32.Rb2 Rb5 33.Rc7 Rdxd5 34.Rc4 Kf6 35.g4 Rdc5
36.Rf4+ Ke6 37.Rb3 Rc3 38.Rbxb4 Rxb4 39.Rxb4 Rc6 40.Rb5 Kd6 41.Kg2 Kc7 42.Re5 Re6
43.Rd5 Kc6 44.Rd8 g5 45.Kf3 b5 46.Rc8+ Kd5 47.Rd8+ Kc4 48.Rc8+ Kb4 49.Rc7 Rf6+
50.Ke3 Ka4 51.Ra7+ Kb3 52.Ra5 Kc4 53.f3 h6 54.Ra7 b4 55.Rc7+ Kb3 56.Rb7 Kc3
57.Rc7+ Kb2 58.Rb7 b3 59.Rb8 Kc2 60.Rc8+ Kb1 61.Rb8 b2 62.Ra8 Rf4 63.Rc8 Ka2  0-1

[Event "84th ch-ARG"]
[Site "La Plata ARG"]
[Date "2009.05.20"]
[Round "9"]
[White "Peralta,Fe"]
[Black "Lujan,C"]
[Result "1-0"]
[WhiteElo "2545"]
[BlackElo "2364"]

1.d4 Nf6 2.c4 g6 3.Nc3 d5 4.cxd5 Nxd5 5.e4 Nxc3 6.bxc3 Bg7 7.Bc4 c5 8.Ne2 O-O
9.O-O Nc6 10.Be3 Na5 11.Bd3 b6 12.Rc1 e5 13.dxe5 Be6 14.Nf4 Bc4 15.Qe2 Bxd3
16.Nxd3 c4 17.Nb4 Bxe5 18.f4 Bg7 19.Qf3 Qd7 20.Rcd1 Qb7 21.f5 f6 22.Rd6 Rad8
23.Re6 Qf7 24.Nd5 Rde8 25.Qh3 gxf5 26.exf5 Qd7 27.Rd1 Qa4 28.Qh5 Rf7 29.Bd4 Rd8
30.Ne7+ Kf8 31.Rde1 h6 32.Qg6 Nb7 33.Qh7  1-0

[Event "18th CRO-Cup"]
[Site "Sibenik CRO"]
[Date "2009.05.20"]
[Round "1"]
[White "Lalic,B"]
[Black "Trbojevic,M"]
[Result "1-0"]
[WhiteElo "2508"]
[BlackElo "2290"]

1.d4 Nf6 2.c4 g6 3.Nc3 d5 4.cxd5 Nxd5 5.e4 Nxc3 6.bxc3 Bg7 7.Be3 c5 8.Qd2 O-O
9.Rc1 Qa5 10.d5 f5 11.exf5 Bxf5 12.Ne2 e5 13.Ng3 e4 14.Be2 Nd7 15.O-O c4
16.Bxc4 Rac8 17.Bb3 Bxc3 18.d6+ Rf7 19.Nxf5 gxf5 20.Bh6 f4 21.Qxf4  1-0

[Event "8th Asian Continental Women"]
[Site "Subic Bay PHI"]
[Date "2009.05.20"]
[Round "8"]
[White "Le Thanh Tu"]
[Black "Zhang Jilin"]
[Result "1/2-1/2"]
[WhiteElo "2326"]
[BlackElo "2335"]

1.d4 Nf6 2.c4 g6 3.Nc3 d5 4.cxd5 Nxd5 5.e4 Nxc3 6.bxc3 Bg7 7.Bc4 c5 8.Ne2 O-O
9.O-O cxd4 10.cxd4 Nc6 11.Be3 Bg4 12.f3 Na5 13.Bd3 Be6 14.d5 Bxa1 15.Qxa1 f6
16.Bh6 Re8 17.Kh1 Rc8 18.Nf4 Bd7 19.e5 Nc4 20.e6 Bb5 21.Nxg6 hxg6 22.Bxg6 Ne5
23.Be4 Qa5 24.Qd4 Qxa2 25.Re1 Red8 26.Qe3 Rc2 27.f4 Ng4 28.Qg3 f5 29.h3 Re2
30.hxg4 fxe4 31.Rxe2 Qxe2 32.Qh4 Rxd5 33.f5 Qb2 34.Qg5+ Kh8 35.Qh5 Kg8 36.Qg5+ Kh8
37.Qh5 Kg8 38.Qf7+ Kh8 39.Qf8+ Kh7 40.Qf7+ Kh8 41.Qf8+ Kh7 42.Qf7+ Kh8  1/2-1/2

[Event "8th Asian Continental Women"]
[Site "Subic Bay PHI"]
[Date "2009.05.20"]
[Round "8"]
[White "Shamima,A"]
[Black "Bui Kim Le"]
[Result "0-1"]
[WhiteElo "2125"]
[BlackElo "2165"]

1.d4 Nf6 2.c4 g6 3.Nc3 d5 4.cxd5 Nxd5 5.e4 Nxc3 6.bxc3 Bg7 7.Nf3 O-O 8.Be2 c5
9.Rb1 Qa5 10.Qd2 a6 11.Bb2 Qxa2 12.O-O Qa5 13.d5 b5 14.e5 Bf5 15.Ra1 Qb6
16.c4 Nd7 17.h3 Rfb8 18.Ra2 b4 19.Qe3 Nf8 20.g4 Bd7 21.Nd2 a5 22.f4 a4 23.Rb1 Qc7
24.Bf3 a3 25.Ba1 Ra6 26.Ne4 Rc8 27.d6 exd6 28.exd6 Rxd6 29.Bxg7 Kxg7 30.Nxd6 Qxd6
31.Rd2 Qe6 32.Qd3 Bc6 33.f5 Qf6 34.Bd1 Nd7 35.Qe3 Qe5 36.Kf2 Re8 37.Qxe5+ Nxe5
38.Bb3 Be4 39.Re1 gxf5 40.gxf5 Bxf5 41.Rd5 f6 42.Kg2 Rc8 43.h4 Be6 44.Rd6 Bxc4
45.Bxc4 Nxc4 46.Rd7+ Kg6 47.h5+ Kxh5 48.Rde7 Rg8+ 49.Kh3 Ne5  0-1

[Event "27th Liechtenstein Open"]
[Site "Triesen LIE"]
[Date "2009.05.21"]
[Round "7"]
[White "Lacrosse,M"]
[Black "Benes,Pe1"]
[Result "0-1"]
[WhiteElo "2192"]
[BlackElo "2166"]

1.d4 Nf6 2.c4 g6 3.Nc3 d5 4.cxd5 Nxd5 5.e4 Nxc3 6.bxc3 Bg7 7.Be3 c5 8.Rc1 Qa5
9.Qd2 O-O 10.Nf3 Bg4 11.Ng5 Nc6 12.d5 Rad8 13.h3 Bc8 14.Nf3 e6 15.c4 Qxd2+
16.Kxd2 Nd4 17.Bd3 f5 18.Rce1 b6 19.Nxd4 cxd4 20.Bg5 Rde8 21.exf5 gxf5 22.dxe6 Rxe6
23.Rxe6 Bxe6 24.Rc1 Rc8 25.f4 Kf7 26.Bh4 Bf8 27.Bf2 Bb4+ 28.Kd1 Bc3 29.Be1 Bb2
30.Rc2 Ba3 31.Bf2 Rg8 32.g3 Bc5 33.Ke2 Bd7  0-1

[Event "27th Liechtenstein Open"]
[Site "Triesen LIE"]
[Date "2009.05.21"]
[Round "7"]
[White "Hirneise,T"]
[Black "Van der Weide,K"]
[Result "1/2-1/2"]
[WhiteElo "2407"]
[BlackElo "2497"]

1.d4 Nf6 2.c4 g6 3.Nc3 d5 4.cxd5 Nxd5 5.e4 Nxc3 6.bxc3 Bg7 7.Bc4 b6 8.Ne2 Bb7
9.Qd3 Nc6 10.h4 Qd7 11.h5 e5 12.d5 Na5 13.Bb3 c6  1/2-1/2

[Event "8th Asian Continental Open"]
[Site "Subic Bay PHI"]
[Date "2009.05.22"]
[Round "10"]
[White "Dao Thien Hai"]
[Black "Zhou Jianchao"]
[Result "0-1"]
[WhiteElo "2546"]
[BlackElo "2635"]

1.d4 Nf6 2.c4 g6 3.Nc3 d5 4.cxd5 Nxd5 5.e4 Nxc3 6.bxc3 Bg7 7.Nf3 c5 8.Be3 Qa5
9.Qd2 O-O 10.Rc1 Rd8 11.d5 e6 12.c4 Qxd2+ 13.Nxd2 b6 14.Be2 Na6 15.O-O Nb4
16.a3 Na2 17.Rce1 Nc3 18.Bf3 Bd7 19.Nb1 Na4 20.Rc1 Nb2 21.Be2 f5 22.Nc3 fxe4
23.Bg5 exd5 24.Nxd5 Ba4 25.Bxd8 Rxd8 26.Nc3 Rd2 27.Nxa4 Nxa4 28.Bg4 Nc3 29.Rce1 Kf7
30.Bc8 Bh6 31.g3 Rd4 32.Ba6 Bd2 33.Ra1 Rd3 34.a4 Ne2+ 35.Kg2 Kf6 36.Ra2 Ke5
37.Bb7 Nc3 38.Ra3 Kd4 39.Rfa1 Kxc4 40.Ba6+ Kd4 41.Bxd3 exd3 42.f4 c4 43.Kf3 Nd5
44.Rd1 c3 45.Raa1 Be3 46.Ra3 Bd2 47.Raa1 Ne3 48.Rg1 c2 49.g4 c1=Q 50.Raxc1 Bxc1  0-1

[Event "27th Liechtenstein Open"]
[Site "Triesen LIE"]
[Date "2009.05.22"]
[Round "8"]
[White "Lacrosse,M"]
[Black "Guller,A"]
[Result "1-0"]
[WhiteElo "2192"]
[BlackElo "2080"]

1.d4 Nf6 2.c4 g6 3.Nc3 d5 4.cxd5 Nxd5 5.e4 Nxc3 6.bxc3 Bg7 7.Be3 c5 8.Rc1 cxd4
9.cxd4 O-O 10.Qd2 Nc6 11.d5 Ne5 12.h3 e6 13.f4 exd5 14.fxe5 Qh4+ 15.Qf2 Qxe4
16.Qf4 Bxe5 17.Qxe4 dxe4 18.Bc4 Kg7 19.Ne2 f5 20.O-O Bd7 21.g3 a6 22.Rfd1 Ba4
23.Rd5 Bf6 24.Nf4 Rfc8 25.h4 Be8 26.Kf2 b5 27.Bb3 Rxc1 28.Bxc1 Ra7 29.Be3 Rd7
30.Ne6+ Kh8 31.Bd4 Bxd4+ 32.Nxd4 Kg7 33.Ke3 Kf6 34.Rc5 Rd6 35.Bg8 h6 36.h5 Kg7
37.Be6 Kf6 38.Bc8 Bd7 39.Bxd7 Rxd7 40.Rc6+ Kg5 41.hxg6 Kg4 42.Rxa6 b4 43.Rf6 Kg5
44.Rf7 Rd6 45.g7 Rg6 46.Nxf5  1-0

[Event "Doroshkevicha Mem"]
[Site "Belorechensk RUS"]
[Date "2009.05.23"]
[Round "1"]
[White "Frolov,L"]
[Black "Karabakhsjan,A"]
[Result "0-1"]
[WhiteElo "1814"]
[BlackElo "2344"]

1.d4 Nf6 2.c4 g6 3.Nc3 d5 4.cxd5 Nxd5 5.e4 Nxc3 6.bxc3 Bg7 7.Bb5+ c6 8.Ba4 O-O
9.Ne2 c5 10.O-O Nc6 11.Be3 Qa5 12.Rb1 a6 13.Bb3 Rd8 14.e5 Nxe5 15.f4 Ng4
16.Bd2 cxd4 17.Nxd4 Qc5 18.Kh1 Bxd4 19.cxd4 Qxd4 20.Ba5 Qxd1 21.Bxd1 Rd5
22.Bxg4 Rxa5 23.Bxc8 Rxc8 24.Rxb7 Rxa2 25.Rxe7 Rcc2 26.Rg1 Rf2 27.Re4 Kg7
28.h3 h5 29.Ree1 Rxf4 30.Ra1 Rfa4 31.Rxa2 Rxa2 32.Rf1 h4 33.Kg1 a5 34.Kh1 a4
35.Kg1 a3 36.Kh1 Rb2  0-1

[Event "ch-CHN"]
[Site "Xinghua Jiangsu CHN"]
[Date "2009.05.26"]
[Round "1"]
[White "Liang Chong"]
[Black "Zhou Jianchao"]
[Result "0-1"]
[WhiteElo "2511"]
[BlackElo "2635"]

1.d4 Nf6 2.c4 g6 3.Nc3 d5 4.cxd5 Nxd5 5.e4 Nxc3 6.bxc3 Bg7 7.Bc4 c5 8.Ne2 Nc6
9.Be3 O-O 10.O-O Na5 11.Bd3 b6 12.Rc1 e5 13.dxc5 Be6 14.c4 bxc5 15.Bxc5 Bh6
16.Rc2 Re8 17.Nc3 Rc8 18.Bxa7 Re7 19.Be3 Bxe3 20.fxe3 Nxc4 21.Nd5 Bxd5 22.Bxc4 Bxe4
23.Rd2 Qb6 24.Qb3 Qc7 25.Qb4 Kg7 26.Bb3 Qb7 27.Qd6 Rc6 28.Qd8 Qa7 29.Rdf2 Rcc7
30.Qd2 Rcd7 31.Qc3 Bf5 32.Re1 Rd3 33.Qb4 Rb7 34.Qh4 Rxe3 35.Ref1 Re4 36.Qd8 Rd7
37.Qg5 Rf4 38.h3 Rd2 39.Qg3 Bd3  0-1

[Event "Subic Open"]
[Site "Subic PHI"]
[Date "2009.05.27"]
[Round "4"]
[White "Arvind,C"]
[Black "Laylo,D"]
[Result "0-1"]
[WhiteElo "2275"]
[BlackElo "2509"]

1.d4 Nf6 2.c4 g6 3.Nc3 d5 4.cxd5 Nxd5 5.e4 Nxc3 6.bxc3 Bg7 7.Be3 c5 8.Qd2 O-O
9.Rc1 Qa5 10.Nf3 Rd8 11.Bh6 Nc6 12.Bxg7 Kxg7 13.d5 e6 14.c4 f5 15.Bd3 Qxd2+
16.Nxd2 Nb4 17.Bb1 fxe4 18.Nxe4 b6 19.a3 exd5 20.axb4 dxe4 21.bxc5 bxc5 22.Bxe4 Re8
23.f3 Bb7 24.O-O Bxe4 25.fxe4 Rxe4 26.Rcd1 Rae8 27.Rd5 Rxc4 28.Rd7+ Kh6 29.Rff7 Re1+
30.Kf2 Rb1 31.Rxa7 Kg5 32.Ra2 Rf4+ 33.Rxf4 Kxf4 34.Rc2 Rb5 35.Rd2 c4 36.g3+ Kf5
37.Rc2 Rb4 38.Ke3 Ke5 39.Re2 Rb3+ 40.Kd2+ Kd4 41.Kc1 Rc3+ 42.Kb1 Re3 43.Rf2 Kd3
44.Rf7 Re1+ 45.Ka2 Re2+ 46.Ka3 Rxh2  0-1

[Event "Doroshkevicha Mem"]
[Site "Belorechensk RUS"]
[Date "2009.05.28"]
[Round "6"]
[White "Lakerbaya,T"]
[Black "Turov,M"]
[Result "0-1"]
[WhiteElo "2086"]
[BlackElo "2582"]

1.d4 Nf6 2.c4 g6 3.Nc3 d5 4.cxd5 Nxd5 5.e4 Nxc3 6.bxc3 Bg7 7.Nf3 c5 8.Be3 O-O
9.Be2 Nd7 10.O-O Qc7 11.Qd2 Rd8 12.Rae1 Nf6 13.Bd3 Ng4 14.h3 Nxe3 15.Qxe3 e6
16.e5 Bd7 17.Be4 Rac8 18.Rb1 b6 19.Rfc1 Bc6 20.Bxc6 Qxc6 21.Rd1 Qa4 22.Rd2 cxd4
23.cxd4 Qc4 24.Rdd1 Qd5 25.Qe2 Bh6 26.Rb5 Qc6 27.a4 a6 28.Rb4 Bf8 29.Rb3 a5
30.Rdb1 Bb4 31.Qe3 Qxa4 32.Qh6 Bf8 33.Qf4 Qd7 34.Rxb6 h6 35.h4 Rc7 36.Qg4 Be7
37.R1b5 h5 38.Qf4 a4 39.d5 a3 40.d6 a2 41.Ra5 Ra7 42.Rba6 Rda8 43.Qe4 Rxa6  0-1

[Event "3rd ENCI Limburg Open"]
[Site "Maastricht NED"]
[Date "2009.05.29"]
[Round "1"]
[White "Pedersen,NicV"]
[Black "Serbu,E"]
[Result "1-0"]
[WhiteElo "2417"]
[BlackElo "2180"]

1.d4 Nf6 2.c4 g6 3.Nc3 d5 4.cxd5 Nxd5 5.e4 Nxc3 6.bxc3 Bg7 7.Bc4 c5 8.Ne2 O-O
9.O-O Nc6 10.Be3 Na5 11.Bd3 e5 12.dxe5 Qc7 13.Nf4 Bxe5 14.Nd5 Qd6 15.f4 Bg7
16.Be2 Rd8 17.c4 Be6 18.Rc1 Nc6 19.e5 Qd7 20.Bxc5 Bxd5 21.cxd5 Qxd5 22.Qxd5 Rxd5
23.Bf3 Rd2 24.Rb1 Rc8 25.Bg4 Rcd8 26.Rxb7 Rxa2 27.e6 Bd4+ 28.Bxd4 Rxd4 29.e7 Re4
30.Bf3 Rae2 31.Bxe4 Rxe4 32.Rc1 Nxe7 33.Rcc7 Kf8 34.Rb8+ Kg7 35.Re8 Kf6 36.Rxa7 Re6
37.g4 Nd5 38.g5+  1-0